| 000 | 01109nam a2200229 a 4500 | ||
|---|---|---|---|
| 001 | 1381061 | ||
| 003 | AM-YEHGA | ||
| 005 | 20260319132940.0 | ||
| 008 | 180330s1957 ru a||||r|||||000|0|rus|d | ||
| 040 | _aAM-YEHGA | ||
| 041 | 0 | _arus | |
| 100 | 1 | _aКоссович, Петр Федотович | |
| 245 | 1 | 0 |
_aМайкоп : _bК столетию со дня основания : Краткий исторический очерк / _cП.Ф. Коссович, М.З. Азаматова, С.Н. Малых ; Адыг. науч.-исслед. ин-т языка, литературы и истории. |
| 260 |
_aМайкоп : _bАдыг. кн. изд-во, _c1957. |
||
| 300 |
_a135 с. : _bил. ; _c18 см. |
||
| 650 | 1 | 4 | _aИстория СССР |
| 651 | 4 |
_aМайкоп, г. _xИстория |
|
| 700 | 1 | _aАзаматова, Мин-Кутас Зачериевна | |
| 700 | 1 | _aМалых, Степан Николаевич | |
| 710 | 2 | _aАдыгейский научно-исследовательский институт языка, литературы и истории | |
| 942 |
_2udc _cBK |
||
| 999 |
_c538162 _d538162 |
||